000 00799cam a2200217 4500
001 2639
005 20181127165420.0
008 750403s1975 enk b 001 0 eng
010 _a 74076583
020 _a0521205182.
_a0521098750
043 _ae-uk---
_an-us---
100 1 _aDavid, Paul A.
245 1 0 _aTechnical choice innovation and economic growth :
_bessays on American and British experience in the nineteenth century /
_cPaul A. David.
260 _aLondon :
_bCambridge University Press,
_c1975.
300 _ax, 334 p. ;
_c23 cm.
500 _aIncludes index.
504 _aBibliography: p. 315-324.
650 0 _aEconomic development
_xMathematical models.
650 0 _aTechnological innovations
_zGreat Britain
_xHistory.
650 0 _aTechnological innovations
_zUnited States
_xHistory.
999 _c2103
_d2103